Statistiques concernant Personnages d'anime en images - P

Cliquez ici pour prendre le quiz!

Statistiques générales

  • Ce quiz a été pris 182 fois
    (175 depuis la dernière actualisation)
  • Le résultat moyen est 7 sur 16

Statistiques - réponses

Réponse% Correct
Pain
91%
Panda
89%
Piccolo
85%
Pierre
84%
Pico
66%
Pochita
57%
Jean-Pierre Polnareff
45%
Ponyo
43%
Porco
40%
Petra Ralle
38%
Panther Lily
23%
Pariston Hill
16%
Phil
11%
Pluto
9%
Pazu
6%
Puck
5%

Distribution des résultats

Percentile par nombre de réponses

% des personnes avec chaque résultat

Votre développement - résultats

Vous n’avez pas pris ce quiz depuis la dernière actualisation